Kto Zagrał na Euro 2024? #11: SŁOWACJA - Statystyki

Ogólne statystyki
  • Ten quiz został rozwiązany 43 razy
  • Średni wynik to 7 z 11
Statystyki odpowiedzi
Pozycja Klub Zawodnik % Poprawnych
BR Newcastle Martin Dubravka
90%
ŚO Paris SG Milan Skriniar
90%
ŚP Napoli Stanislav Lobotka
87%
ŚPO Hellas Ondrej Duda
59%
PO Hertha Peter Pekarik
59%
LO Feyenoord David Hancko
56%
ŚP Slovan Juraj Kucka
56%
LS Sparta Lukas Haraslin
54%
PS Slavia Ivan Schranz
51%
N Boavista Robert Bozenik
44%
ŚO Kopenhaga Denis Vavro
41%
Nie znaleziono quizów pasujących do podanych kryteriów
Rozkład punktacji
Procent ludzi z każdym wynikiem
Percentyl według liczby udzielonych odpowiedzi
Twoja historia wyników
Nie rozwiązałeś tego quizu